INCOME TAX (Record no. 83169)

MARC details
000 -LEADER
fixed length control field 00244nam a2200109Ia 4500
008 - FIXED-LENGTH DATA ELEMENTS--GENERAL INFORMATION
fixed length control field 221102s9999 xx 000 0 und d
041 ## - LANGUAGE CODE
Language code of text/sound track or separate title eng
082 ## - DEWEY DECIMAL CLASSIFICATION NUMBER
Item number Wak
100 ## - MAIN ENTRY--PERSONAL NAME
Personal name Wakale L . P
245 ## - TITLE STATEMENT
Title INCOME TAX
260 ## - PUBLICATION, DISTRIBUTION, ETC. (IMPRINT)
Name of publisher, distributor, etc. Gayatri Prakashan
Holdings
Withdrawn status Lost status Damaged status Not for loan Home library Current library Date acquired Full call number Barcode Date last seen Bill Date Koha item type Original Barcode
        College Of Computer Application For Women , Satara College Of Computer Application For Women , Satara 27/11/2021 WAK BCAS-D-259 04/11/2022 04/11/2022 Donated Book D00259
        College Of Computer Application For Women , Satara College Of Computer Application For Women , Satara 27/11/2021 WAK BCAS-D-261 04/11/2022 04/11/2022 Donated Book D00261
        College Of Computer Application For Women , Satara College Of Computer Application For Women , Satara 27/11/2021 WAK BCAS-D-268 04/11/2022 04/11/2022 Donated Book D00268
        College Of Computer Application For Women , Satara College Of Computer Application For Women , Satara 27/11/2021 WAK BCAS-D-269 04/11/2022 04/11/2022 Donated Book D00269